| 000 | 00508nam a22001577a 4500 | ||
|---|---|---|---|
| 005 | 20240723114324.0 | ||
| 008 | 240723b |||||||| |||| 00| 0 eng d | ||
| 020 | _a9780367395247 | ||
| 040 | _cPK-LaUMT | ||
| 082 |
_a615.7045 _bHAN- |
||
| 245 |
_aHandbook of food-drug interactions / _cedited by Beverly J. McCable, Eric H. Frankel and Jonathan J. Wolfe |
||
| 260 |
_aBoca Raton : _bCRC Press, _c2003 |
||
| 300 | _a567 p. | ||
| 650 |
_aDrug-nutrient interactions-Handbooks, manuals etc. _9947 |
||
| 942 | _cBK | ||
| 999 |
_c134557 _d134557 |
||